| 000 | 00337pam a2200145 a 4500 | ||
|---|---|---|---|
| 020 | _c | ||
| 041 | _aeng | ||
| 082 |
_a574.192028 _bVAR |
||
| 100 | _aVarley H.,. | ||
| 245 |
_aPractical Clinical Biochemistry Vol I _hTextual Documents |
||
| 250 | _a1991. | ||
| 260 |
_aNew Delhi : _bC B S ., _c1991. |
||
| 300 | _a1277p. | ||
| 930 | _a3631 | ||
| 999 |
_c80551 _d80551 |
||